Problems in plant physiology (Record no. 23622)

MARC details
000 -LEADER
fixed length control field 00487nam a2200193Ia 4500
082 ## - DEWEY DECIMAL CLASSIFICATION NUMBER
Classification number 581.1
Item number SAN
100 ## - MAIN ENTRY--AUTHOR NAME
Personal name Sands, Margaret l
245 #0 - TITLE STATEMENT
Title Problems in plant physiology
260 ## - PUBLICATION, DISTRIBUTION, ETC. (IMPRINT)
Place of publication London
Name of publisher John Murray
Year of publication 1971
650 ## - SUBJECT ADDED ENTRY--TOPICAL TERM
Topical Term Germination
650 ## - SUBJECT ADDED ENTRY--TOPICAL TERM
Topical Term Photosynthesis
650 ## - SUBJECT ADDED ENTRY--TOPICAL TERM
Topical Term Plant hormone
650 ## - SUBJECT ADDED ENTRY--TOPICAL TERM
Topical Term Plant physiology
650 ## - SUBJECT ADDED ENTRY--TOPICAL TERM
Topical Term Respiration
650 ## - SUBJECT ADDED ENTRY--TOPICAL TERM
Topical Term Translocation
650 ## - SUBJECT ADDED ENTRY--TOPICAL TERM
Topical Term Water relations
942 ## - ADDED ENTRY ELEMENTS (KOHA)
Koha item type Books
Holdings
Withdrawn status Lost status Damaged status Not for loan Home library Current library Date acquired Full call number Accession Number Koha item type
        RRII Library RRII Library 16/12/2021 581.1 SAN 04320 Books